| 000 | 00756nam a22002177a 4500 | ||
|---|---|---|---|
| 999 |
_c9410 _d9410 |
||
| 003 | AR-CdUCM | ||
| 008 | 190328b ||||| |||| 00| 0 spa d | ||
| 040 |
_aMUNICIPALIDAD PROVINCIAL DEL CUSCO _cBIBLIOTECA MUNICIPAL DEL CUSCO |
||
| 082 |
_a306 / _bA29 |
||
| 100 |
_aAgosti, Héctor P. _95463 |
||
| 245 | _aNación y cultura/ | ||
| 260 |
_aBuenos Aires : _bProcyon, _c1959. |
||
| 300 |
_a292 páginas ; _c19 cm. |
||
| 500 | _aDonación familia Nieto | ||
| 505 | _aContenido: Las definiciones -- La crisis argentina -- EL busca del camino -- Forma y contenido de la cultura -- Verdad y falsedad del nacionalismo. | ||
| 650 |
_aSociología _9276 |
||
| 650 |
_aCultura _9126 |
||
| 650 |
_aCiencias sociales _91096 |
||
| 942 |
_2ddc _cLIBROS |
||
| 945 | _adavv | ||